• 首页
  • 本馆介绍
  • 公告通知
  • 最新文献
  • 馆藏检索
  • 电子资源
  • 读者导购
  • 参考咨询
  • 我的图书馆
  • 登录
  • 详细信息显示
  • 放入我的书架
  • 预约/预借图书
  • 作者相关作品
  • 分类相关作品
  • 丛书相关作品
  • 出版社相关作品

书目信息

  • 表格格式
  • 工作单格式
  • 卡片格式
题名:
毛泽东思想和中国特色社会主义理论体系概论
    
 
作者: 本书编写组
分册:  
出版信息: 北京   高等教育出版社  2018
页数: 316页
开本: 23cm
丛书名: 马克思主义理论研究和建设工程重点教材
单 册:
中图分类: A84 , D616
科图分类:
主题词: 毛泽东思想--mao ze dong si xiang--高等学校--教材 , 中国特色社会主义--zhong guo te se she hui zhu yi--社会主义建设模式--高等学校--教材
电子资源:
ISBN: 978-7-04-049481-5
000 01465nam 2200301 450
001 012001005900
005 20191023092238.18
010    @a978-7-04-049481-5@dCNY25.00
099    @aCAL 012018122332
100    @a20181006d2018 em y0chiy0121 ea
101 0  @achi
102    @aCN@b110000
105    @ay a 000yy
106    @ar
200 1  @a毛泽东思想和中国特色社会主义理论体系概论@Amao ze dong si xiang he zhong guo te se she hui zhu yi li lun ti xi gai lun@e2018年版@f本书编写组
205    @a第6版
210    @a北京@c高等教育出版社@d2018
215    @a316页@d23cm
225 2  @a马克思主义理论研究和建设工程重点教材@Ama ke si zhu yi li lun yan jiu he jian she gong cheng zhong dian jiao cai
320    @a有书目
330    @a本书内容主要反映了马克思主义中国化的形成发展、主要成果和精神实质, 特别是充分反映了党的十九大以来习近平新时代中国特色社会主义思想, 包括“四个全面”、“五位一体”总体布局等重大理论观点和重大战略思想, 体现了我们党在中国特色社会主义经济建设、政治建设、文化建设、社会建设和生态文明建设等方面的理论创新和实践创新。同时, 充分吸收了高校思想政治理论课教师和在校大学生这些年来使用该教材的意见和建议。
410  0 @12001 @a马克思主义理论研究和建设工程重点教材
606 0  @a毛泽东思想@Amao ze dong si xiang@x高等学校@j教材
606 0  @a中国特色社会主义@Azhong guo te se she hui zhu yi@x社会主义建设模式@x高等学校@j教材
690    @aA84@v5
690    @aD616@v5
801  0 @aCN@b上海新华@c20191020
905    @b1097988-91@dA84@e174=6@f4
    
    毛泽东思想和中国特色社会主义理论体系概论:2018年版/本书编写组.-第6版.-北京:高等教育出版社,2018
    316页;23cm.-(马克思主义理论研究和建设工程重点教材)
    
    
    ISBN 978-7-04-049481-5:CNY25.00
    本书内容主要反映了马克思主义中国化的形成发展、主要成果和精神实质, 特别是充分反映了党的十九大以来习近平新时代中国特色社会主义思想, 包括“四个全面”、“五位一体”总体布局等重大理论观点和重大战略思想, 体现了我们党在中国特色社会主义经济建设、政治建设、文化建设、社会建设和生态文明建设等方面的理论创新和实践创新。同时, 充分吸收了高校思想政治理论课教师和在校大学生这些年来使用该教材的意见和建议。
●
相关链接 在E读中查询图书 在五车中查询图书 在当当中查询图书 在豆瓣中查询图书


正题名:毛泽东思想和中国特色社会主义理论体系概论     索取号:A84/174=6         预约/预借

序号 登录号 条形码 馆藏地/架位号 状态 备注
1 1097988   210979887   第一样本阅览室/ [索取号:A84/174=6] 在馆    
2 1097989   210979896   第一借阅区/ [索取号:A84/174=6] 在馆    
3 1097990   210979903   第一借阅区/ [索取号:A84/174=6] 在馆    
4 1097991   210979912   第一借阅区/ [索取号:A84/174=6] 在馆    
唐山师范学院图书馆 欢迎您!
大连网信软件有限公司© 版权所有